|
|
|
|
| LEADER |
01050nam a2200265 a 4500 |
| 001 |
14124296 |
| 008 |
090614s1997 enka b 001 0 eng d |
| 010 |
|
|
|a 2005028463
|
| 020 |
|
|
|a 0749424753
|
| 040 |
|
|
|a DLC
|c DLC
|d BAKER
|d BWKUK
|d DLC
|
| 082 |
0 |
0 |
|a 658
|2 21
|
| 245 |
0 |
4 |
|a The growing business handbook :
|b strategic for planning,funding and managing business growth/
|c consultant editeds by Richard Willsher and Adam Jolly.
|
| 260 |
|
|
|a London ;
|a Philadelphia :
|b Kogan Page,
|c 1997.
|
| 300 |
|
|
|a xvii, 373 p. :
|b ill. ;
|c 25 cm.
|
| 500 |
|
|
|a "RBS; IOD."
|
| 504 |
|
|
|a Includes bibliographical references and index.
|
| 541 |
1 |
|
|e 00012137
|
| 650 |
|
0 |
|a Success in business.
|
| 650 |
|
0 |
|a Management.
|
| 700 |
1 |
|
|a Jolly, Adam.
|
| 700 |
1 |
|
|a Willsher,Richard .
|
| 710 |
2 |
|
|a The Confederation of British Industry
|
| 852 |
4 |
|
|a Ayesha Abed Library
|j General Shelf.
|
| 999 |
|
|
|c 1552
|d 1552
|
| 952 |
|
|
|0 0
|1 0
|2 ddc
|4 0
|6 658_000000000000000_GRO
|7 0
|9 1426
|a BRACUL
|b BRACUL
|c GEN
|d 2009-06-28
|g 695.00
|l 2
|m 1
|o 658 GRO
|p 3010012137
|r 2016-03-08
|s 2016-02-28
|t 1
|w 2009-06-28
|y BK
|